[Event "BL2-Sued 1920"]
[Site "Germany"]
[Date "2020.02.07"]
[Round "4.3"]
[White "Helbig, Daniel"]
[Black "Saric, Ante"]
[Result "0-1"]
[WhiteElo "2230"]
[BlackElo "2557"]
[PlyCount "84"]
[EventDate "2019.10.19"]
[EventType "team-tourn"]
[EventRounds "11"]
[EventCountry "GER"]
[SourceTitle "CBM 194 Extra"]
[Source "ChessBase"]
[SourceDate "2020.03.31"]
[SourceVersion "1"]
[SourceVersionDate "2020.03.31"]
[SourceQuality "1"]
[WhiteTeam "Worms"]
[BlackTeam "Schoenaich"]
[WhiteTeamCountry "GER"]
[BlackTeamCountry "GER"]

1. e4 c5 2. Nc3 g6 3. f4 Bg7 4. Nf3 d6 5. Bb5+ Bd7 6. Bc4 Nc6 7. 0-0 Na5 8. Be2 Nf6 9. d3 Nc6 10. Qe1 Nd4 11. Bd1 Bc6 12. a4 0-0 13. Qh4 e6 14. Nxd4 cxd4 15. Ne2 Nd7 16. Qf2 e5 17. f5 d5 18. Ng3 dxe4 19. Nxe4 Bxe4 20. dxe4 Rc8 21. Ra3 Rc6 22. b4 Qc7 23. Rh3 Rc3 24. Bf3 Rxc2 25. Qh4 h5 26. Bg5 f6 27. Bd1 fxg5 28. Qxg5 Rf6 29. Bxc2 Qxc2 30. Rc1 Qxe4 31. fxg6 Rxg6 32. Qd2 Nf6 33. Qa2+ Kh7 34. Rf1 d3 35. b5 Qd4+ 36. Kh1 d2 37. Rd1 Ne4 38. Rxh5+ Rh6 39. Rxh6+ Kxh6 40. Qe6+ Bf6 41. Qh3+ Kg7 42. Qg4+ Bg5 0-1

[Event "BL2-Sued 1920"]
[Site "Germany"]
[Date "2019.10.20"]
[Round "2.3"]
[White "Helbig, Daniel"]
[Black "Tompa, Janos"]
[Result "1/2-1/2"]
[WhiteElo "2230"]
[BlackElo "2350"]
[PlyCount "60"]
[EventDate "2019.10.19"]
[EventType "team-tourn"]
[EventRounds "11"]
[EventCountry "GER"]
[SourceTitle "CBM 194 Extra"]
[Source "ChessBase"]
[SourceDate "2020.03.31"]
[SourceVersion "1"]
[SourceVersionDate "2020.03.31"]
[SourceQuality "1"]
[WhiteTeam "Worms"]
[BlackTeam "Walldorf"]
[WhiteTeamCountry "GER"]
[BlackTeamCountry "GER"]

1. e4 c5 2. Nc3 Nc6 3. f4 g6 4. Nf3 Bg7 5. Bb5 Nd4 6. 0-0 Nxb5 7. Nxb5 d6 8. d3 a6 9. Nc3 Nh6 10. Qe1 f6 11. Qg3 f5 12. Ng5 Ng4 13. h3 Nf6 14. Bd2 0-0 15. Rae1 Nh5 16. Qh4 h6 17. exf5 hxg5 18. fxg5 Bd4+ 19. Kh1 Rxf5 20. Rxf5 Bxf5 21. g4 Ng7 22. gxf5 Nxf5 23. Qg4 Qd7 24. Nd5 Re8 25. Nf4 Kf7 26. Bc3 Qc6+ 27. Kh2 e6 28. Ng2 Rh8 29. Qe4 Qxe4 30. dxe4 Ne7 1/2-1/2

[Event "Pfalz-ch HT2 87th"]
[Site "Landau"]
[Date "2018.03.30"]
[Round "5"]
[White "Helbig, Daniel"]
[Black "Ledig, Horst"]
[Result "1-0"]
[WhiteElo "2108"]
[BlackElo "1795"]
[PlyCount "76"]
[EventDate "2018.03.23"]
[EventType "swiss"]
[EventRounds "7"]
[EventCountry "GER"]
[SourceTitle "EXT 2019"]
[Source "ChessBase"]
[SourceDate "2018.10.10"]
[SourceVersion "1"]
[SourceVersionDate "2018.10.10"]
[SourceQuality "1"]

1. Nf3 Nf6 2. g3 d5 3. Bg2 Bf5 4. d3 e6 5. c4 c6 6. cxd5 exd5 7. Be3 Qa5+ 8. Nbd2 Be7 9. Qb3 Bc8 10. 0-0 0-0 11. a3 Nbd7 12. Qc2 Qd8 13. b4 a6 14. Rab1 Ng4 15. Bd4 Re8 16. h3 Nh6 17. e4 dxe4 18. dxe4 f6 19. a4 Nf7 20. Rfd1 Bd6 21. Nc4 Qe7 22. Nh4 Bxb4 23. Qb3 c5 24. Ba1 Kh8 25. Ne3 Nde5 26. Nd5 Be6 27. Nf5 Bxd5 28. exd5 Qd7 29. Ne3 Ng5 30. f4 Nxh3+ 31. Kh2 Nf2 32. fxe5 Nxd1 33. e6 Qd6 34. Rxd1 Rad8 35. Nf5 Qb6 36. d6 c4 37. Qxc4 Bxd6 38. Qg4 Qc7 1-0

[Event "Pfalz-ch HT2 87th"]
[Site "Landau"]
[Date "2018.03.30"]
[Round "6"]
[White "Steiner, Peter Markus"]
[Black "Helbig, Daniel"]
[Result "0-1"]
[WhiteElo "1504"]
[BlackElo "2108"]
[PlyCount "44"]
[EventDate "2018.03.23"]
[EventType "swiss"]
[EventRounds "7"]
[EventCountry "GER"]
[SourceTitle "EXT 2019"]
[Source "ChessBase"]
[SourceDate "2018.10.10"]
[SourceVersion "1"]
[SourceVersionDate "2018.10.10"]
[SourceQuality "1"]

1. b4 c6 2. Bb2 a5 3. b5 cxb5 4. e4 b4 5. a3 Nc6 6. d4 d5 7. axb4 dxe4 8. b5 Nb4 9. Nd2 Nf6 10. Bc4 Bf5 11. Bb3 e6 12. Ne2 Bd6 13. Nc4 Bc7 14. h3 Nfd5 15. Qd2 Qh4 16. Ne3 0-0 17. g3 Qf6 18. Nc4 Rfc8 19. Nc3 e3 20. Nxe3 Nxe3 21. Qxe3 Bxc2 22. Ne4 Qg6 0-1

[Event "Oberliga Sued W 1415"]
[Site "Germany"]
[Date "2014.09.21"]
[Round "1.6"]
[White "Lang, Matthias"]
[Black "Helbig, Daniel"]
[Result "0-1"]
[WhiteElo "2150"]
[BlackElo "2141"]
[PlyCount "68"]
[EventDate "2014.09.21"]
[EventType "team-tourn"]
[EventRounds "9"]
[EventCountry "GER"]
[SourceTitle "EXT 2019"]
[Source "ChessBase"]
[SourceDate "2018.10.10"]
[SourceVersion "1"]
[SourceVersionDate "2018.10.10"]
[SourceQuality "1"]
[WhiteTeam "Landau"]
[BlackTeam "Worms"]
[WhiteTeamCountry "GER"]
[BlackTeamCountry "GER"]

1. d4 f5 2. g3 Nf6 3. Bg2 e6 4. Nf3 Be7 5. 0-0 0-0 6. c4 d6 7. Nc3 Qe8 8. b3 a5 9. Re1 Na6 10. e4 fxe4 11. Nxe4 Nxe4 12. Rxe4 Qh5 13. Bf4 Qf5 14. Qe2 Bd7 15. h4 Bf6 16. Ng5 Bxg5 17. Bxg5 a4 18. Rf4 Qa5 19. Rd1 axb3 20. axb3 Rxf4 21. Bxf4 Qb6 22. Be4 Be8 23. Qg4 Qxb3 24. Rc1 Qb2 25. Qxe6+ Kh8 26. Be3 Bc6 27. d5 Nc5 28. Qf5 Nxe4 29. Qxe4 Bd7 30. Rb1 Qe2 31. Kg2 b6 32. Qf4 Kg8 33. Bd2 Rf8 34. Qd4 Qf3+ 0-1

[Event "Oberliga Sued W 1314"]
[Site "Germany"]
[Date "2013.12.15"]
[Round "4.5"]
[White "Helbig, Daniel"]
[Black "Busemann, Stephan"]
[Result "1/2-1/2"]
[WhiteElo "2126"]
[BlackElo "2050"]
[PlyCount "53"]
[EventDate "2013.10.13"]
[EventType "team-tourn"]
[EventRounds "9"]
[EventCountry "GER"]
[SourceTitle "EXT 2015"]
[Source "ChessBase"]
[SourceDate "2014.11.20"]
[SourceVersion "1"]
[SourceVersionDate "2014.11.20"]
[SourceQuality "1"]
[WhiteTeam "Worms"]
[BlackTeam "Schwarzenbach II"]
[WhiteTeamCountry "GER"]
[BlackTeamCountry "GER"]

1. e4 e5 2. Bb5 a6 3. Ba4 Nf6 4. d3 Be7 5. Ne2 0-0 6. 0-0 d5 7. exd5 Nxd5 8. Nbc3 Nxc3 9. Nxc3 b5 10. Bb3 Nc6 11. Qh5 Bf6 12. Be3 Nd4 13. Bxd4 exd4 14. Ne4 Bb7 15. Rae1 g6 16. Qc5 Be7 17. Qe5 Bxe4 18. Rxe4 Bf6 19. Qc5 Qd6 20. Qxd6 cxd6 21. f4 Rfe8 22. Rfe1 Kf8 23. R1e2 Rxe4 24. dxe4 Rc8 25. Rd2 g5 26. fxg5 Bxg5 27. Rd3 1/2-1/2

[Event "St Leon Rot op"]
[Site "St Leon Rot"]
[Date "2011.12.27"]
[Round "2"]
[White "Jenisch, Achim"]
[Black "Helbig, Daniel"]
[Result "0-1"]
[WhiteElo "1859"]
[BlackElo "2072"]
[PlyCount "44"]
[EventDate "2011.12.27"]
[EventType "swiss"]
[EventRounds "7"]
[EventCountry "GER"]
[SourceTitle "CBM 146 Extra"]
[Source "ChessBase"]
[SourceDate "2012.02.29"]
[SourceVersion "1"]
[SourceVersionDate "2012.02.29"]
[SourceQuality "1"]

1. e4 c5 2. Nf3 Nc6 3. Bb5 Nf6 4. Bxc6 dxc6 5. d3 Qc7 6. Be3 e5 7. h3 h6 8. Nc3 Be6 9. a4 c4 10. d4 Bb4 11. Nxe5 Nxe4 12. Bd2 Nxd2 13. Qxd2 c5 14. Qe3 cxd4 15. Qxd4 Rd8 16. Qe3 0-0 17. 0-0 Rfe8 18. Nb5 Qc8 19. c3 Bf8 20. Rfe1 Bd5 21. Qxa7 Rxe5 22. Qb6 Rg5 0-1